| 000 | 01009nam a2200301 i 4500 | ||
|---|---|---|---|
| 003 | EG-GICUC | ||
| 005 | 20260329113409.0 | ||
| 008 | 260329s2004 fr ||||fr|||| 00| 0 fre d | ||
| 020 | _a2913397557 | ||
| 040 |
_aEG-GiCUC _bfre _cEG-GiCUC _dEG-GiCUC _eRda |
||
| 082 | 0 | 4 |
_221 _a341.79 _bFO . A |
| 092 | 0 | 4 | _221 |
| 099 | _aLaw1 11 341.79 FO . A 2004 | ||
| 100 | 1 |
_aFouchard,Philippe _eAuteur |
|
| 245 |
_aL'Actualité De La Pensée De Berthold Goldman : _bDroit Commercial International Et Européen / _cPhilippe Fouchard . |
||
| 264 | 1 |
_aParis : _bPanthéon-Assas , _c2004 . |
|
| 300 |
_a82 page ; _c24 cm. |
||
| 336 |
_2rda contenu _a texte |
||
| 337 |
_2rda medias _aOrdinateur |
||
| 338 |
_2 transporteur rda _a Ressource en ligne |
||
| 546 | _aTexte en français | ||
| 650 | _aDroit International Public | ||
| 650 | _aDroit Commercial International | ||
| 700 | 1 |
_aVogel,Louis _eAuteur |
|
| 856 | 4 | 0 | _uhttps://fll.law.cu.edu.eg/fulltext/bks/B11-07376.pdf |
| 905 | _a59 | ||
| 942 |
_2ddc _n0 _cBK _e21 |
||
| 999 |
_c67169 _d67169 |
||